| 000 | 00879nac a22002777a 4500 | ||
|---|---|---|---|
| 001 | BR8107724 | ||
| 003 | BR-BrBNA | ||
| 005 | 20240105115137.0 | ||
| 008 | 230509b bl.|||m| |||| 00| 0 por d | ||
| 040 |
_aBR-BrBNA _bpor _cBiblioteca Nacional de Agricultura |
||
| 072 | _aP12; D10; E10 | ||
| 090 | _aP12 BR8107724 | ||
| 110 | 1 |
_aAssociacao Brasileira de Irrigacao e Drenagem, Brasilia, DF _9307 |
|
| 245 | 1 | _aRelatorio das atividades 1979-1981 [Associacao Brasileira de Irrigacao e Drenagem] | |
| 260 | 3 |
_aBrasilia, DF (Brasil): _c1981. |
|
| 300 | _a56 p. | ||
| 490 |
_aRelatorio - Associacao Brasileira de Irrigacao e Drenagem (Brazil) _v _x |
||
| 500 | _a15 illus. | ||
| 650 | _aIRRIGACAO | ||
| 650 | _aDRENAGEM | ||
| 650 | _aADMINISTRACAO | ||
| 650 | _aRECEITA | ||
| 650 | _aDESPESA | ||
| 909 |
_a202312 _bLúcia Elande _c55 _dLúcia Elande |
||
| 942 |
_2AGRIS _n0 _cMS |
||
| 999 |
_c273295 _d273295 |
||